000 00323nam a2200133Ia 4500
008 190723s9999 xx 000 0 und d
020 _a978-93-392-1311-4
100 _aRaghu Ramakrishan
245 0 _aDatabase Mangement Systems
250 _a3rd
260 _aChennai
_bMcGraw Hill
_c2014
300 _a1065.:p
942 _cBK
999 _c1713
_d1713